Billy Mays Quiz Stats

 Plays Quiz Updated Jan 23, 2012

Also try: Company By Product
Challenge
Share
Tweet
Embed
Score 0/21 Timer 06:00
0 Plays Today
The Pitch Product % Correct
Uses the power of oxygen to clean and deodorize!Oxi Clean
95.2%
Just cut, activate and repair!Mighty Putty
37.8%
A powerful degreasing action cleaner in your hands, uses the power of citrus!Orange Glo
31.9%
Put the power back in your shower!Kaboom
20.1%
Takes the hard work out of yard work!Awesome Auger
19%
Not a glue, but a flexible bonding agent, that grabs, adheres & interlocks the fibers of virtually any fabric!Mighty Mendit
13.2%
The easiest way to hang pictures, mirrors, shelves just about anything!Hercules Hook
12.9%
The mini burger sensation that's sweeping the nation!Big City Sliders
12.1%
Reaches up high, picks up down low!The Gopher
9.8%
Has the power to absorb up to 27 times greater than paper towels!Zorbeez
8.3%
The World’s Greatest Insole!Impact Gel
4.9%
The Pitch Product % Correct
Two blades that simultaneously rotate in opposite directions!Dual Saw
4.5%
Eliminates the smells of smoke, cooking, garbage cans and bathrooms!What Odor
4%
Quickly repairs scratches, nicks and swirls on your car or truck!Simoniz Fix It
3.8%
Instantly removes any stripped screw with ease!Grabit
3.1%
Sharpen just about anything with a blade, sharpen knives, scissors, tools and much more!Samurai Shark
2.9%
Remotely control any lamp in your home!Handy Switch
2.4%
Makes your home a no-fly zone!Flies Away
2.4%
When two hands are not enough!Tool Band-it
2.3%
Put the power of your dry cleaner in your hands!Steam Buddy
1.6%
It sprays on clear, dries clear and gives your car a sleek-looking shine in just minutes!Simoniz Liquid Diamond
1%

You're not logged in!

Compare scores with friends on all Sporcle quizzes.
OR
Log In

You Might Also Like...

Show Comments

Extras

Top Quizzes Today


Score Distribution

Your Account Isn't Verified!

In order to create a playlist on Sporcle, you need to verify the email address you used during registration. Go to your Sporcle Settings to finish the process.

Report this User

Report this user for behavior that violates our Community Guidelines.

Details: